[Event "DVM U14w 2017"]
[Site "Neumünster GER"]
[Date "2017.12.27"]
[Round "2"]
[White "Müdder, Melanie"]
[Black "Garbuz, Nicole"]
[Result "1-0"]
[Termination "normal"]
[Board "1.1"]
[WhiteElo "1829"]
[BlackElo "1641"]
[WhiteClock "00:41:12"]
[BlackClock "00:42:20"]
[WhiteTeam "SG Solingen"]
[BlackTeam "SF Brackel"]
[PlyCount "31"]
[WhiteFideId "12994103"]
[BlackFideId "12990701"]
[EventCountry "GER"]
[EventRounds "7"]
[EventType "team-swiss"]
[EventDate "2017.12.26"]

1. e4 {[%clk 1:30:57]} e5 {[%clk 1:30:56]} 2. Nf3 {[%clk 1:31:19]} Nc6 {[%clk
1:31:21]} 3. d4 {[%clk 1:31:35]} exd4 {[%clk 1:31:27]} 4. Nxd4 {[%clk 1:31:53]}
Nf6 {[%clk 1:29:22]} 5. Nc3 {[%clk 1:31:42]} Bb4 {[%clk 1:21:42]} 6. Nxc6
{[%clk 1:31:41]} bxc6 {[%clk 1:21:37]} 7. Bd3 {[%clk 1:31:53]} d5 {[%clk
1:16:01]} 8. O-O {[%clk 1:26:55]} h6 {[%clk 1:06:50]} 9. exd5 {[%clk 1:23:49]}
cxd5 {[%clk 1:00:10]} 10. Re1+ {[%clk 1:09:44]} Be7 {[%clk 0:59:30]} 11. Bb5+
{[%clk 0:59:13]} Kf8 {[%clk 0:52:09]} 12. Bc6 {[%clk 0:53:12]} Rb8 {[%clk
0:50:20]} 13. Nxd5 {[%clk 0:49:27]} Nxd5 {[%clk 0:50:00]} 14. Bxd5 {[%clk
0:48:02]} Bf6 {[%clk 0:45:32]} 15. Qf3 {[%clk 0:43:17]} Qd7 {[%clk 0:42:20]}
16. Bc6 {[%clk 0:41:12]} 1-0

[Event "DVM U14w 2017"]
[Site "Neumünster GER"]
[Date "2017.12.27"]
[Round "2"]
[White "Wastian, Mareike"]
[Black "Berelowitsch, Dana"]
[Result "1-0"]
[Termination "normal"]
[Board "1.2"]
[WhiteElo "1660"]
[BlackElo "1648"]
[WhiteClock "00:30:29"]
[BlackClock "00:04:48"]
[WhiteTeam "SF Brackel"]
[BlackTeam "SG Solingen"]
[PlyCount "57"]
[WhiteFideId "12947423"]
[BlackFideId "12977144"]
[EventCountry "GER"]
[EventRounds "7"]
[EventType "team-swiss"]
[EventDate "2017.12.26"]

1. e4 {[%clk 1:30:57]} c5 {[%clk 1:30:56]} 2. Nf3 {[%clk 1:31:20]} g6 {[%clk
1:31:19]} 3. d4 {[%clk 1:31:41]} cxd4 {[%clk 1:31:41]} 4. c3 {[%clk 1:32:04]}
d3 {[%clk 1:32:02]} 5. Bxd3 {[%clk 1:31:47]} Bg7 {[%clk 1:32:26]} 6. O-O {[%clk
1:30:49]} Nc6 {[%clk 1:32:49]} 7. c4 {[%clk 1:29:32]} Nf6 {[%clk 1:32:27]} 8.
Nc3 {[%clk 1:25:45]} O-O {[%clk 1:32:35]} 9. Qe2 {[%clk 1:17:58]} d6 {[%clk
1:28:22]} 10. h3 {[%clk 1:15:02]} a6 {[%clk 1:26:03]} 11. Be3 {[%clk 1:11:03]}
Nd7 {[%clk 1:07:49]} 12. Rac1 {[%clk 1:06:54]} Nc5 {[%clk 1:02:59]} 13. Bb1
{[%clk 0:59:31]} Qa5 {[%clk 0:48:31]} 14. Bd2 {[%clk 0:54:19]} Qb6 {[%clk
0:44:45]} 15. b3 {[%clk 0:51:35]} Kh8 {[%clk 0:30:53]} 16. Nd5 {[%clk 0:48:49]}
Qd8 {[%clk 0:30:35]} 17. Bc3 {[%clk 0:48:49]} Bxc3 {[%clk 0:29:33]} 18. Nxc3
{[%clk 0:48:26]} Qa5 {[%clk 0:21:51]} 19. Rfd1 {[%clk 0:45:58]} Bd7 {[%clk
0:19:05]} 20. e5 {[%clk 0:41:59]} dxe5 {[%clk 0:18:26]} 21. Nxe5 {[%clk
0:41:58]} Be6 {[%clk 0:17:04]} 22. Nd5 {[%clk 0:37:26]} Rfe8 {[%clk 0:12:01]}
23. Nxc6 {[%clk 0:32:42]} bxc6 {[%clk 0:12:24]} 24. b4 {[%clk 0:32:09]} Qd8
{[%clk 0:09:45]} 25. Qb2+ {[%clk 0:30:41]} f6 {[%clk 0:05:55]} 26. Nxf6 {[%clk
0:30:35]} exf6 {[%clk 0:04:07]} 27. Rxd8 {[%clk 0:30:48]} Raxd8 {[%clk
0:04:25]} 28. Qxf6+ {[%clk 0:30:08]} Kg8 {[%clk 0:04:48]} 29. bxc5 {[%clk
0:30:29]} 1-0

[Event "DVM U14w 2017"]
[Site "Neumünster GER"]
[Date "2017.12.27"]
[Round "2"]
[White "Kublanov, Elizabeth"]
[Black "Bünte, Kirsten"]
[Result "1-0"]
[Termination "normal"]
[Board "1.3"]
[WhiteElo "1561"]
[BlackElo "1433"]
[WhiteClock "00:19:08"]
[BlackClock "00:26:56"]
[WhiteTeam "SG Solingen"]
[BlackTeam "SF Brackel"]
[PlyCount "95"]
[WhiteFideId "12944564"]
[BlackFideId "16200535"]
[EventCountry "GER"]
[EventRounds "7"]
[EventType "team-swiss"]
[EventDate "2017.12.26"]

1. e4 {[%clk 1:30:53]} c6 {[%clk 1:30:48]} 2. Nf3 {[%clk 1:30:39]} d5 {[%clk
1:31:04]} 3. exd5 {[%clk 1:30:37]} cxd5 {[%clk 1:30:11]} 4. Ne5 {[%clk
1:29:56]} Nf6 {[%clk 1:16:02]} 5. d4 e6 {[%clk 1:09:48]} 6. c3 {[%clk 1:23:50]}
Bd6 {[%clk 1:06:16]} 7. Bg5 {[%clk 1:22:44]} O-O {[%clk 1:02:40]} 8. Bd3 {[%clk
1:21:18]} Nbd7 {[%clk 0:59:45]} 9. f4 {[%clk 1:15:45]} Be7 {[%clk 0:45:41]} 10.
Nd2 {[%clk 1:13:05]} h6 {[%clk 0:39:15]} 11. Bh4 {[%clk 1:11:30]} Nh7 {[%clk
0:35:37]} 12. Bxe7 {[%clk 1:11:11]} Qxe7 {[%clk 0:35:56]} 13. O-O {[%clk
1:10:56]} Ndf6 {[%clk 0:25:04]} 14. Rf3 {[%clk 1:07:50]} Kh8 {[%clk 0:20:40]}
15. Rh3 {[%clk 1:04:12]} Bd7 {[%clk 0:15:40]} 16. Ndf3 {[%clk 1:01:43]} Qe8
{[%clk 0:14:01]} 17. Qc2 {[%clk 0:54:18]} Ba4 {[%clk 0:13:25]} 18. b3 {[%clk
0:53:51]} Bb5 {[%clk 0:09:47]} 19. c4 {[%clk 0:45:58]} dxc4 {[%clk 0:09:17]}
20. bxc4 {[%clk 0:45:44]} Ba4 {[%clk 0:09:00]} 21. Qb1 {[%clk 0:44:17]} Bc6
{[%clk 0:09:00]} 22. Ng5 {[%clk 0:31:18]} Nxg5 {[%clk 0:04:00]} 23. fxg5 {[%clk
0:30:55]} Ng8 {[%clk 0:03:45]} 24. Bh7 {[%clk 0:15:22]} Qd8 {[%clk 0:02:16]}
25. Nxc6 {[%clk 0:05:27]} bxc6 {[%clk 0:02:24]} 26. Bxg8 {[%clk 0:05:04]} Kxg8
{[%clk 0:02:43]} 27. gxh6 {[%clk 0:04:46]} Qxd4+ {[%clk 0:02:52]} 28. Kh1
{[%clk 0:04:48]} gxh6 {[%clk 0:02:54]} 29. Rxh6 {[%clk 0:03:55]} Qg7 {[%clk
0:03:12]} 30. Rh3 {[%clk 0:04:09]} Rab8 {[%clk 0:02:46]} 31. Qe1 {[%clk
0:03:01]} Qf6 {[%clk 0:01:22]} 32. Rc1 {[%clk 0:02:11]} Rb2 {[%clk 0:01:25]}
33. Rcc3 {[%clk 0:01:28]} Rxg2 {[%clk 0:00:37]} 34. Kxg2 {[%clk 0:01:34]} Rb8
{[%clk 0:00:40]} 35. Rcg3+ {[%clk 0:01:05]} Kf8 {[%clk 0:00:58]} 36. Rf3 {[%clk
0:00:45]} Rb2+ {[%clk 0:00:44]} 37. Kf1 {[%clk 0:00:36]} Qg6 {[%clk 0:00:40]}
38. Rhg3 {[%clk 0:00:33]} Qh7 {[%clk 0:00:33]} 39. Rh3 {[%clk 0:00:35]} Qg6
{[%clk 0:00:48]} 40. Rh8+ {[%clk 0:00:39]} Ke7 {[%clk 0:01:09]} 41. Qh4+ {[%clk
0:00:36]} f6 {[%clk 0:27:28]} 42. Qh7+ {[%clk 0:25:05]} Qxh7 {[%clk 0:26:01]}
43. Rxh7+ {[%clk 0:25:19]} Kd6 {[%clk 0:26:16]} 44. Rxa7 {[%clk 0:23:02]} Rxh2
{[%clk 0:26:14]} 45. Rxf6 {[%clk 0:22:55]} Ke5 {[%clk 0:26:35]} 46. Rf2 {[%clk
0:20:06]} Rh1+ {[%clk 0:26:39]} 47. Ke2 {[%clk 0:19:32]} Rc1 {[%clk 0:26:56]}
48. Kd3 {[%clk 0:19:08]} 1-0

[Event "DVM U14w 2017"]
[Site "Neumünster GER"]
[Date "2017.12.27"]
[Round "2"]
[White "Elier, Basmalah"]
[Black "Bashylina, Luisa"]
[Result "0-1"]
[Termination "normal"]
[Board "1.4"]
[WhiteElo "959"]
[BlackElo "1700"]
[WhiteClock "01:24:16"]
[BlackClock "01:14:15"]
[WhiteTeam "SF Brackel"]
[BlackTeam "SG Solingen"]
[PlyCount "96"]
[WhiteFideId "16223004"]
[BlackFideId "12983292"]
[EventCountry "GER"]
[EventRounds "7"]
[EventType "team-swiss"]
[EventDate "2017.12.26"]

1. e4 {[%clk 1:30:30]} c5 {[%clk 1:30:30]} 2. c3 {[%clk 1:30:30]} e6 {[%clk
1:30:30]} 3. d4 {[%clk 1:30:30]} d5 {[%clk 1:30:30]} 4. f3 {[%clk 1:30:30]} Nc6
{[%clk 1:30:35]} 5. Be3 {[%clk 1:30:40]} dxe4 {[%clk 1:29:58]} 6. fxe4 {[%clk
1:30:59]} Qh4+ {[%clk 1:30:20]} 7. Bf2 {[%clk 1:31:09]} Qxe4+ {[%clk 1:30:31]}
8. Qe2 {[%clk 1:31:20]} Qxe2+ {[%clk 1:30:36]} 9. Bxe2 {[%clk 1:31:41]} cxd4
{[%clk 1:30:21]} 10. cxd4 {[%clk 1:31:58]} Nb4 {[%clk 1:28:04]} 11. Bd1 {[%clk
1:31:42]} Nd3+ {[%clk 1:22:35]} 12. Ke2 {[%clk 1:30:48]} Nxf2 {[%clk 1:22:10]}
13. Kxf2 {[%clk 1:31:08]} Nf6 {[%clk 1:22:25]} 14. Ba4+ {[%clk 1:31:06]} Bd7
{[%clk 1:22:10]} 15. Bxd7+ {[%clk 1:31:10]} Nxd7 {[%clk 1:22:33]} 16. Nf3
{[%clk 1:31:15]} Be7 {[%clk 1:22:45]} 17. Nc3 {[%clk 1:31:30]} O-O {[%clk
1:22:52]} 18. Rhe1 {[%clk 1:31:33]} Nb6 {[%clk 1:22:05]} 19. Ne5 {[%clk
1:31:28]} Rfd8 {[%clk 1:21:15]} 20. Rad1 {[%clk 1:30:38]} Rac8 {[%clk 1:19:48]}
21. Kg1 {[%clk 1:30:29]} Bb4 {[%clk 1:18:59]} 22. Rc1 {[%clk 1:30:13]} Rxd4
{[%clk 1:17:53]} 23. Rf1 {[%clk 1:29:57]} f6 {[%clk 1:16:31]} 24. Nf3 {[%clk
1:29:32]} Rdc4 {[%clk 1:15:23]} 25. Ne2 {[%clk 1:28:45]} Nd5 {[%clk 1:14:32]}
26. b3 {[%clk 1:28:39]} R4c7 {[%clk 1:11:46]} 27. Nfd4 {[%clk 1:27:56]} Bc5
{[%clk 1:10:01]} 28. Rcd1 {[%clk 1:27:07]} e5 {[%clk 1:10:14]} 29. Rf5 {[%clk
1:25:42]} Ne3 {[%clk 1:10:18]} 30. Rd3 {[%clk 1:24:48]} Nxf5 {[%clk 1:10:27]}
31. Kf1 {[%clk 1:24:03]} Nxd4 {[%clk 1:10:44]} 32. Nxd4 {[%clk 1:22:55]} Bxd4
{[%clk 1:11:06]} 33. a4 {[%clk 1:22:21]} Rc3 {[%clk 1:10:58]} 34. Rd2 {[%clk
1:21:43]} Rc1+ {[%clk 1:11:16]} 35. Ke2 {[%clk 1:20:51]} R8c2 {[%clk 1:11:30]}
36. Kd3 {[%clk 1:20:52]} Rxd2+ {[%clk 1:11:43]} 37. Kxd2 {[%clk 1:20:59]} Rc3
{[%clk 1:11:42]} 38. b4 {[%clk 1:21:14]} e4 {[%clk 1:11:45]} 39. b5 {[%clk
1:21:23]} e3+ {[%clk 1:12:04]} 40. Ke2 {[%clk 1:21:39]} Rc2+ {[%clk 1:12:16]}
41. Kf3 {[%clk 1:21:49]} e2 {[%clk 1:12:37]} 42. Ke4 {[%clk 1:22:10]} e1=Q+
{[%clk 1:12:49]} 43. Kxd4 {[%clk 1:22:28]} Qd1+ {[%clk 1:13:04]} 44. Ke3 {[%clk
1:22:50]} Re2+ {[%clk 1:13:31]} 45. Kf3 {[%clk 1:23:11]} Qf1+ {[%clk 1:13:55]}
46. Kg3 {[%clk 1:23:33]} Rxg2+ {[%clk 1:14:10]} 47. Kh3 {[%clk 1:23:55]} Qf3+
{[%clk 1:14:15]} 48. Kh4 {[%clk 1:24:16]} Qg4# 0-1

[Event "DVM U14w 2017"]
[Site "Neumünster GER"]
[Date "2017.12.27"]
[Round "2"]
[White "Ziegenfuß, Antonia"]
[Black "Rudolph, Eva"]
[Result "1/2-1/2"]
[Termination "normal"]
[Board "2.1"]
[WhiteElo "1834"]
[BlackElo "1757"]
[WhiteClock "00:28:21"]
[BlackClock "00:22:53"]
[WhiteTeam "OSG Baden-Baden"]
[BlackTeam "Düsseldorfer SK"]
[PlyCount "42"]
[WhiteFideId "12962554"]
[BlackFideId "16200594"]
[EventCountry "GER"]
[EventRounds "7"]
[EventType "team-swiss"]
[EventDate "2017.12.26"]

1. d4 {[%clk 1:30:56]} d5 {[%clk 1:30:45]} 2. c4 {[%clk 1:31:16]} e5 {[%clk
1:30:38]} 3. dxe5 {[%clk 1:31:37]} d4 {[%clk 1:30:37]} 4. Nf3 {[%clk 1:31:30]}
Nc6 {[%clk 1:30:43]} 5. a3 {[%clk 1:26:37]} Nge7 {[%clk 1:27:28]} 6. Bg5 {[%clk
1:17:32]} h6 {[%clk 1:14:44]} 7. Bxe7 {[%clk 1:15:34]} Bxe7 {[%clk 1:14:22]} 8.
g3 {[%clk 1:10:19]} O-O {[%clk 1:10:48]} 9. Bg2 {[%clk 1:00:43]} Re8 {[%clk
1:02:12]} 10. Nbd2 {[%clk 0:56:02]} d3 {[%clk 0:54:14]} 11. O-O {[%clk
0:43:19]} dxe2 {[%clk 0:46:55]} 12. Qxe2 {[%clk 0:43:39]} Bd6 {[%clk 0:45:31]}
13. Rfe1 {[%clk 0:37:10]} Nxe5 {[%clk 0:41:48]} 14. Nxe5 {[%clk 0:35:42]} Rxe5
{[%clk 0:36:08]} 15. Qd3 {[%clk 0:33:35]} Bf5 {[%clk 0:34:14]} 16. Be4 {[%clk
0:31:55]} Bxe4 {[%clk 0:32:16]} 17. Rxe4 {[%clk 0:30:52]} Rxe4 {[%clk 0:30:47]}
18. Nxe4 {[%clk 0:30:14]} Be7 {[%clk 0:29:34]} 19. Rd1 {[%clk 0:30:01]} Qxd3
{[%clk 0:22:58]} 20. Rxd3 {[%clk 0:30:24]} Rd8 {[%clk 0:22:41]} 21. Rxd8+
{[%clk 0:28:21]} Bxd8 {[%clk 0:22:53]} 1/2-1/2

[Event "DVM U14w 2017"]
[Site "Neumünster GER"]
[Date "2017.12.27"]
[Round "2"]
[White "Sokolowski, Judith"]
[Black "Visvikis, Kassandra"]
[Result "1-0"]
[Termination "normal"]
[Board "2.2"]
[WhiteElo "1351"]
[BlackElo "1473"]
[WhiteClock "00:24:54"]
[BlackClock "00:59:02"]
[WhiteTeam "Düsseldorfer SK"]
[BlackTeam "OSG Baden-Baden"]
[PlyCount "65"]
[WhiteFideId "16200624"]
[BlackFideId "36052167"]
[EventCountry "GER"]
[EventRounds "7"]
[EventType "team-swiss"]
[EventDate "2017.12.26"]

1. e4 {[%clk 1:30:30]} e5 {[%clk 1:30:30]} 2. Nf3 {[%clk 1:30:30]} Nc6 {[%clk
1:30:30]} 3. d4 {[%clk 1:30:30]} exd4 {[%clk 1:30:30]} 4. Nxd4 {[%clk 1:30:30]}
g6 {[%clk 1:30:30]} 5. Nxc6 {[%clk 1:27:29]} bxc6 {[%clk 1:30:51]} 6. Qd4
{[%clk 1:24:24]} f6 {[%clk 1:27:10]} 7. Bc4 {[%clk 1:21:43]} Nh6 {[%clk
1:27:23]} 8. O-O {[%clk 1:18:08]} Qe7 {[%clk 1:23:54]} 9. Bf4 {[%clk 1:12:16]}
d6 {[%clk 1:23:31]} 10. Nc3 {[%clk 1:07:51]} Bg7 {[%clk 1:22:20]} 11. Qd2
{[%clk 1:04:48]} Nf7 {[%clk 1:22:37]} 12. Bg3 {[%clk 1:01:56]} O-O {[%clk
1:20:13]} 13. Kh1 {[%clk 1:00:42]} Be6 {[%clk 1:11:35]} 14. Bb3 {[%clk
0:59:48]} Rfe8 {[%clk 1:05:41]} 15. f4 {[%clk 0:57:14]} Rad8 {[%clk 1:05:31]}
16. Qf2 {[%clk 0:55:07]} f5 {[%clk 1:01:06]} 17. Bh4 {[%clk 0:39:34]} Bf6
{[%clk 1:01:05]} 18. Bxf6 {[%clk 0:39:34]} Qxf6 {[%clk 1:01:31]} 19. exf5
{[%clk 0:37:49]} Bxf5 {[%clk 1:01:55]} 20. Qxa7 {[%clk 0:36:28]} Re7 {[%clk
1:02:07]} 21. Qa4 {[%clk 0:35:49]} c5 {[%clk 1:02:25]} 22. Nd5 {[%clk 0:35:47]}
Qh4 {[%clk 1:02:17]} 23. Nxe7+ {[%clk 0:35:08]} Qxe7 {[%clk 1:02:44]} 24. Rae1
{[%clk 0:34:36]} Qf8 {[%clk 1:02:48]} 25. Qc6 {[%clk 0:33:20]} Rc8 {[%clk
1:02:52]} 26. Re3 {[%clk 0:31:40]} Qd8 {[%clk 1:00:45]} 27. Rfe1 {[%clk
0:31:13]} Bd7 {[%clk 1:01:11]} 28. Bxf7+ {[%clk 0:31:22]} Kxf7 {[%clk 1:01:33]}
29. Qd5+ {[%clk 0:30:07]} Kf8 {[%clk 0:59:49]} 30. Qd2 {[%clk 0:27:31]} Qf6
{[%clk 0:59:32]} 31. Qc3 {[%clk 0:25:33]} Qf7 {[%clk 0:58:59]} 32. Re7 {[%clk
0:24:54]} Qxe7 {[%clk 0:59:02]} 33. Qh8+ 1-0

[Event "DVM U14w 2017"]
[Site "Neumünster GER"]
[Date "2017.12.27"]
[Round "2"]
[White "Martin, Anastasia"]
[Black "Kogan, Dina Rachel"]
[Result "0-1"]
[Termination "normal"]
[Board "2.3"]
[WhiteElo "1287"]
[BlackElo "1345"]
[WhiteClock "01:03:58"]
[BlackClock "01:06:28"]
[WhiteTeam "OSG Baden-Baden"]
[BlackTeam "Düsseldorfer SK"]
[PlyCount "42"]
[WhiteFideId "36098434"]
[BlackFideId "16200608"]
[EventCountry "GER"]
[EventRounds "7"]
[EventType "team-swiss"]
[EventDate "2017.12.26"]

1. e4 {[%clk 1:30:58]} c5 {[%clk 1:30:54]} 2. Nf3 {[%clk 1:31:22]} d6 {[%clk
1:31:19]} 3. d4 {[%clk 1:29:14]} cxd4 {[%clk 1:31:38]} 4. Nxd4 {[%clk 1:29:38]}
Nf6 {[%clk 1:32:04]} 5. Nc3 {[%clk 1:29:52]} g6 {[%clk 1:32:28]} 6. Be3 {[%clk
1:30:05]} Bg7 {[%clk 1:32:30]} 7. f3 {[%clk 1:30:08]} O-O {[%clk 1:32:49]} 8.
Qd2 {[%clk 1:30:36]} Nc6 {[%clk 1:33:07]} 9. O-O-O {[%clk 1:30:04]} Bd7 {[%clk
1:31:27]} 10. g4 {[%clk 1:30:19]} Qa5 {[%clk 1:30:09]} 11. h4 {[%clk 1:29:44]}
Rfc8 {[%clk 1:28:36]} 12. g5 {[%clk 1:21:44]} Nh5 {[%clk 1:28:47]} 13. Kb1
{[%clk 1:16:42]} Ne5 {[%clk 1:26:47]} 14. Be2 {[%clk 1:15:50]} Ng3 {[%clk
1:26:10]} 15. Rh2 {[%clk 1:13:57]} Nxe2 {[%clk 1:26:04]} 16. Qxe2 {[%clk
1:12:47]} Nc4 {[%clk 1:25:13]} 17. Nd5 {[%clk 1:11:58]} Kf8 {[%clk 1:22:52]}
18. h5 {[%clk 1:09:17]} Bb5 {[%clk 1:09:58]} 19. Ka1 {[%clk 1:07:16]} Na3
{[%clk 1:06:39]} 20. Nxb5 {[%clk 1:06:39]} Rxc2 {[%clk 1:06:28]} 21. Bd2 {[%clk
1:03:58]} Bxb2# 0-1

[Event "DVM U14w 2017"]
[Site "Neumünster GER"]
[Date "2017.12.27"]
[Round "2"]
[White "Orlova, Alicia"]
[Black "Kisner, Monica"]
[Result "1-0"]
[Termination "normal"]
[Board "2.4"]
[WhiteElo "1511"]
[BlackElo "800"]
[WhiteClock "01:18:32"]
[BlackClock "01:15:23"]
[WhiteTeam "Düsseldorfer SK"]
[BlackTeam "OSG Baden-Baden"]
[PlyCount "93"]
[WhiteFideId "34154563"]
[EventCountry "GER"]
[EventRounds "7"]
[EventType "team-swiss"]
[EventDate "2017.12.26"]

1. e4 {[%clk 1:30:30]} c5 {[%clk 1:30:30]} 2. Nc3 {[%clk 1:30:30]} Nc6 {[%clk
1:30:30]} 3. Nf3 {[%clk 1:30:30]} g6 {[%clk 1:30:30]} 4. d3 {[%clk 1:30:35]}
Bg7 {[%clk 1:30:44]} 5. Be3 {[%clk 1:30:31]} Qa5 {[%clk 1:28:57]} 6. Qd2 {[%clk
1:29:41]} Nf6 {[%clk 1:28:52]} 7. h3 {[%clk 1:29:34]} O-O {[%clk 1:29:07]} 8.
Bh6 {[%clk 1:29:22]} Rd8 {[%clk 1:28:09]} 9. Bxg7 {[%clk 1:29:22]} Kxg7 {[%clk
1:28:10]} 10. g3 {[%clk 1:28:59]} d5 {[%clk 1:28:24]} 11. Bg2 {[%clk 1:27:10]}
dxe4 {[%clk 1:27:23]} 12. Nxe4 {[%clk 1:26:35]} Nxe4 {[%clk 1:26:54]} 13. Qxa5
{[%clk 1:26:40]} Nxa5 {[%clk 1:26:59]} 14. dxe4 {[%clk 1:27:02]} b6 {[%clk
1:25:53]} 15. O-O {[%clk 1:26:31]} Bb7 {[%clk 1:25:17]} 16. Nh2 {[%clk
1:23:35]} Nc4 {[%clk 1:23:25]} 17. b3 {[%clk 1:22:39]} Nd2 {[%clk 1:23:33]} 18.
Rfe1 {[%clk 1:22:51]} Re8 {[%clk 1:22:11]} 19. Rad1 {[%clk 1:22:52]} Rad8
{[%clk 1:22:07]} 20. Re3 {[%clk 1:21:06]} f5 {[%clk 1:21:12]} 21. f3 {[%clk
1:18:39]} h5 {[%clk 1:19:33]} 22. Rd3 {[%clk 1:18:41]} Rxd3 {[%clk 1:18:27]}
23. cxd3 {[%clk 1:18:48]} Nxe4 {[%clk 1:16:19]} 24. dxe4 {[%clk 1:19:03]} e6
{[%clk 1:15:24]} 25. Rd7+ {[%clk 1:19:23]} Kf8 {[%clk 1:15:34]} 26. Rxb7 {[%clk
1:19:42]} Rd8 {[%clk 1:15:13]} 27. exf5 {[%clk 1:19:23]} Rd1+ {[%clk 1:15:15]}
28. Nf1 {[%clk 1:19:22]} exf5 {[%clk 1:15:27]} 29. Rxa7 {[%clk 1:19:34]} b5
{[%clk 1:14:04]} 30. Ra5 {[%clk 1:19:39]} c4 {[%clk 1:14:25]} 31. Rxb5 {[%clk
1:19:03]} c3 {[%clk 1:14:35]} 32. Rc5 {[%clk 1:19:22]} Rc1 {[%clk 1:14:47]} 33.
a4 {[%clk 1:18:56]} Ke7 {[%clk 1:14:24]} 34. a5 {[%clk 1:19:06]} Kd6 {[%clk
1:14:37]} 35. Rc4 {[%clk 1:19:25]} Kd5 {[%clk 1:14:52]} 36. a6 {[%clk 1:19:42]}
Ra1 {[%clk 1:15:03]} 37. f4+ {[%clk 1:19:05]} Ke6 {[%clk 1:14:55]} 38. Rc6+
{[%clk 1:18:07]} Kf7 {[%clk 1:15:10]} 39. Rxc3 {[%clk 1:18:28]} Rxa6 {[%clk
1:15:22]} 40. b4 {[%clk 1:18:38]} Rb6 {[%clk 1:15:14]} 41. Rb3 {[%clk 1:18:54]}
Ke7 {[%clk 1:15:25]} 42. Ne3 {[%clk 1:19:00]} Kd6 {[%clk 1:15:08]} 43. Nd5
{[%clk 1:19:17]} Rb7 {[%clk 1:15:03]} 44. Kf2 {[%clk 1:18:22]} Rg7 {[%clk
1:15:06]} 45. b5 {[%clk 1:18:17]} g5 {[%clk 1:15:15]} 46. b6 {[%clk 1:18:32]}
Rg8 {[%clk 1:15:23]} 47. b7 {[%clk 1:18:32]} 1-0

[Event "DVM U14w 2017"]
[Site "Neumünster GER"]
[Date "2017.12.27"]
[Round "2"]
[White "Dietz, Kristin"]
[Black "Basovskiy, Jana"]
[Result "0-1"]
[Termination "normal"]
[Board "3.1"]
[WhiteElo "1698"]
[BlackElo "1788"]
[WhiteClock "00:01:13"]
[BlackClock "00:34:01"]
[WhiteTeam "USV Halle"]
[BlackTeam "SF Sasbach"]
[PlyCount "100"]
[WhiteFideId "12993743"]
[BlackFideId "16208617"]
[EventCountry "GER"]
[EventRounds "7"]
[EventType "team-swiss"]
[EventDate "2017.12.26"]

1. e4 {[%clk 1:30:30]} c5 {[%clk 1:30:30]} 2. Nf3 {[%clk 1:30:30]} e6 {[%clk
1:30:30]} 3. d4 {[%clk 1:30:30]} cxd4 {[%clk 1:30:30]} 4. Nxd4 {[%clk 1:30:50]}
Nf6 {[%clk 1:30:55]} 5. Nc3 {[%clk 1:31:11]} Nc6 {[%clk 1:31:21]} 6. Bg5 {[%clk
1:18:08]} Be7 {[%clk 1:28:19]} 7. Nxc6 {[%clk 1:09:14]} bxc6 {[%clk 1:23:30]}
8. Qd2 {[%clk 1:06:46]} d5 {[%clk 1:21:14]} 9. Rd1 {[%clk 0:57:12]} h6 {[%clk
1:17:25]} 10. Bxf6 {[%clk 0:51:34]} Bxf6 {[%clk 1:17:16]} 11. exd5 {[%clk
0:45:54]} cxd5 {[%clk 1:16:47]} 12. Bd3 {[%clk 0:41:48]} O-O {[%clk 1:15:07]}
13. O-O {[%clk 0:42:10]} Qb6 {[%clk 1:14:42]} 14. Na4 {[%clk 0:39:32]} Qc6
{[%clk 1:15:00]} 15. Qa5 {[%clk 0:35:40]} Bd7 {[%clk 1:05:32]} 16. b3 {[%clk
0:35:36]} e5 {[%clk 0:45:39]} 17. Nc3 e4 {[%clk 0:32:52]} 18. Bb5 {[%clk
0:22:26]} Qxc3 {[%clk 0:32:11]} 19. Qxc3 {[%clk 0:22:49]} Bxc3 {[%clk 0:32:39]}
20. Bxd7 {[%clk 0:23:13]} d4 {[%clk 0:31:29]} 21. Bc6 {[%clk 0:23:26]} e3
{[%clk 0:29:27]} 22. Bxa8 {[%clk 0:20:20]} Rxa8 {[%clk 0:27:58]} 23. fxe3
{[%clk 0:19:59]} dxe3 {[%clk 0:28:22]} 24. Rd3 {[%clk 0:16:28]} Bd2 {[%clk
0:23:11]} 25. Rd1 {[%clk 0:16:11]} e2 {[%clk 0:19:15]} 26. R3xd2 {[%clk
0:16:23]} exd1=Q+ 27. Rxd1 {[%clk 0:16:43]} Rc8 {[%clk 0:19:43]} 28. c4 {[%clk
0:16:31]} Rc7 {[%clk 0:19:46]} 29. Rc1 {[%clk 0:16:45]} Kf8 {[%clk 0:20:06]}
30. Kf2 {[%clk 0:16:37]} Ke7 {[%clk 0:20:05]} 31. Ke3 {[%clk 0:16:56]} Kd6
{[%clk 0:19:26]} 32. Kd4 {[%clk 0:16:37]} a5 {[%clk 0:18:53]} 33. a3 {[%clk
0:15:53]} Rb7 {[%clk 0:18:38]} 34. c5+ {[%clk 0:12:34]} Kc6 {[%clk 0:18:50]}
35. Kc4 {[%clk 0:11:15]} Re7 {[%clk 0:18:19]} 36. b4 {[%clk 0:06:39]} axb4
{[%clk 0:18:18]} 37. axb4 {[%clk 0:05:48]} Re4+ {[%clk 0:16:50]} 38. Kc3 {[%clk
0:04:24]} Rh4 {[%clk 0:13:42]} 39. h3 {[%clk 0:02:24]} Kb5 {[%clk 0:13:55]} 40.
Kd3 {[%clk 0:01:02]} Kc6 {[%clk 0:13:15]} 41. b5+ {[%clk 0:01:17]} Kc7 {[%clk
0:10:00]} 42. c6 {[%clk 0:28:08]} Rb4 {[%clk 0:39:15]} 43. Rc5 {[%clk 0:16:02]}
Rb2 {[%clk 0:37:47]} 44. g4 {[%clk 0:08:15]} Rb1 {[%clk 0:38:08]} 45. h4 {[%clk
0:07:05]} Rb2 {[%clk 0:37:08]} 46. Rf5 {[%clk 0:03:58]} f6 {[%clk 0:35:40]} 47.
g5 {[%clk 0:02:42]} hxg5 {[%clk 0:35:36]} 48. hxg5 {[%clk 0:03:05]} Rb1 {[%clk
0:34:52]} 49. gxf6 {[%clk 0:01:04]} gxf6 {[%clk 0:35:16]} 50. Rh5 {[%clk
0:01:13]} Rc1 {[%clk 0:34:01]} 0-1